000
00275nam a22001217a 4500
008
170523b xxu||||| |||| 00| 0 eng d
041
_a
eng
080
_a
94(7/8)
100
_a
16
101
_a
shh
245
_a
TWENTIETH CENTURY AMERICA
_c
BERNSTEIN.B.J
942
_2
udc
_c
BK
999
_c
13923
_d
13923